The Picture of Dorian Gray

Gardado en:
Detalles Bibliográficos
Autor Principal: Wilde, Oscar
Formato: Libro
Idioma:Undetermined
Publicado: Londres, Inglaterra Penguin Books 1954
Materias:
Etiquetas: Engadir etiqueta
Sen Etiquetas, Sexa o primeiro en etiquetar este rexistro!

MARC

LEADER 00000nam a2200000Ia 4500
008 170316s9999 xx 000 0 und d
040 |a cru BVZT 
090 |a 820 W-8p 
100 |a Wilde, Oscar 
245 4 |a The Picture of Dorian Gray 
260 |a Londres, Inglaterra 
260 |b Penguin Books 
260 |c 1954 
300 |a 247 páginas 
650 |a LITERATURA INGLESA 
999 |c 7271  |d 7271 
942 |c 15 D  |h 820 W-8p  |2 z